000 00472nam a22001577a 4500
005 20251108172349.0
008 250721s1987 xx 000 0 eng d
082 1 4 _a923.1/fra
100 1 _abowen, catherine-drinker
245 1 4 _athe most dangerous man in america :
_bscenes from the life of benjamin franklin /
264 1 _anew delhi :
_baffiliated east - west press,
_c1987.
300 _a274p.
650 1 7 _afranklin bengamin
942 _2ddc
_cBK
999 _c77329
_d77329